000
00310nam a22001217a 4500
003
OSt
005
20260115121745.0
008
260115b |||||||| |||| 00| 0 eng d
040
_c
fms
100
_a
BREALEY(RA)
_d
MYERS(SC)
_9
875836
245
_a
Principles of corporate Finance
942
_2
CC
_c
TB
_k
X:8D Q0
_n
0
999
_c
1474561
_d
1474561